Charleville-Mézières en images - Statistiques

Statistiques générales
  • Ce quiz a été pris 44 fois
  • Le résultat moyen est 6 sur 15
Statistiques - réponses
Par images Hint Réponse % Correct
Poete Arthur Rimbaud
93%
Fleuve Meuse
93%
Place Place ducale
90%
Colline Mont Olympe
80%
Spécialité Cacasse à cul nu
60%
Fondateur de la ville Charles de Gonzague
43%
Défenseur de la ville Bayard
38%
Massif forestier Ardennes
33%
Gâteau Gâteau Mollet
33%
Monument Basilique Notre-Dame-d'Espérance
30%
Automate Le Grand Marionnettiste
20%
Festival Festival mondial des théâtres de marionnettes
8%
Monument Vieux Moulin
8%
Canal Canal de l'Est
0%
Ancienne école École royale du génie
0%
Aucun quiz correspondant
Distribution des résultats
% des personnes avec chaque résultat
Percentile par nombre de réponses
Votre historique - résultats
Vous n’avez pas pris ce quiz